000 00670nam a2200229Ia 4500
003 OSt
005 20220925183032.0
006 a|||||r|||| 00| 0
007 ta
008 220923b |||||||| |||| 00| 0 eng d
037 _cGeneral Book
040 _aRTL
_cRTL
_beng
041 _2eng
_aeng
082 _aD6,9(B), M5
100 _aHunter Bruce H
_9257593
245 0 _aUnderstanding C.
260 _aDelhi
_bBPB Publications India
_c1985
300 _axiv, 320p. Bibliography P 314-16, Appendix P 284-99, Glossary P 306-12
_ccm.
650 _aComputer Science
942 _hD6,9(B), M5
_cGB
_2CC
999 _c503762
_d503762